000 01029cam a2200289 a 4500
001 11866304
003 ARRUPE
005 20170207141401.0
008 990921s1998 rh a 000 0 eng
010 _a 99892364
020 _a0797418709
035 _a(DLC) 99892364
040 _aDLC
_cDLC
042 _alcode
043 _af-rh---
050 0 0 _aHQ1236.5.Z55
_bW38 1998
082 0 0 _a305.42/096891
_221
100 1 _aWatson, Peggy W.,
_d1948-
_928522
245 1 0 _aDetermined to act :
_bthe first 15 years of the Women's Action Group (1983 to 1998) /
_cPeggy Watson.
260 _aAvondale, Harare, Zimbabwe :
_bWomen action Group,
_cc1998.
300 _aix, 62 p. :
_bill. ;
_c21 cm.
650 0 _aWomen's rights
_zZimbabwe
_xHistory.
_928523
650 0 _aWomen
_zZimbabwe
_xSocial conditions.
_928524
906 _a7
_bcbc
_corigode
_d3
_encip
_f19
_gy-gencatlg
942 _2lcc
_cMONOGRAPH
999 _c126027
_d126027